000 01938nam a2200517 i 4500
001 DIGALBA0294
003 NyNyDIG
007 cr |||||||||||
008 220831s2015 sp o 000 f spa d
006 m o d
035 _a(OCoLC)1350508162
040 _aDGITA
_beng
_erda
_epn
_cDGITA
020 _a9788490651261
_qeBook
020 _z9788490651131
041 1 _aspa
_heng
050 1 4 _aPS2384 ebook
082 1 4 _a813.3
100 1 _aMelville, Herman,
_d1819-1891,
_eauthor.
240 1 0 _aBilly Budd, sailor.
_lSpanish
_s(Temprano García)
245 1 0 _aBilly Budd, marinero :
_bun relato desde dentro /
_cHerman Melville ; traducción, Miguel Temprano García.
250 _aEdición en formato digital.
264 1 _aBarcelona :
_bAlba,
_c[2015]
300 _a1 online resource.
336 _atext
_btxt
_2rdacontent
337 _acomputer
_bc
_2rdamedia
338 _aonline resource
_bcr
_2rdacarrier
347 _atext file
_2rdaft
347 _bEPUB
490 1 _aAlba clásica
588 0 _aOnline resource; title from ePub title page (Digitalia, viewed August 31, 2022)
650 0 _aExecutions and executioners
_vFiction.
650 0 _aShip captains
_vFiction.
650 0 _aImpressment
_vFiction.
650 0 _aSailors
_vFiction.
655 7 _aSea fiction.
_2lcgft
655 0 _aElectronic books.
700 1 _aTemprano García, Miguel,
_etranslator.
700 1 _iTranslation of:
_aMelville, Herman,
_d1819-1891.
_tBilly Budd, sailor.
791 2 _aDigitalia (Firm),
_edistributor.
793 0 _gDigitalia eBook Collection:
_aAlba Editorial
776 0 8 _iPrint version:
_aMelville, Herman, 1819-1891.
_sBilly Budd, sailor. Spanish (Temprano García).
_tBilly Budd, marinero.
_dBarcelona : Alba, 2015
_z9788490651131
830 0 _aAlba Clásica ;
_v135.
856 4 0 _3Digitalia Hispánica
_uhttps://www.digitaliapublishing.com/a/48858/
910 _aPremium collection: 2022
942 _cRAA
999 _c251165
_d251165